Paises que hayan ganado un mundial 1930-2022 - Estadísticas

Estadísticas generales
  • Esta prueba ha sido intentada 72 veces
  • La puntuación promedio es 20 de 22
Estadísticas de respuestas
AÑO PAÍS % Correcto
2022 Argentina
98%
2018 Francia
98%
1930 Uruguay
98%
2014 Alemania
95%
2010 España
95%
1934 Italia
95%
2006 Italia
95%
1954 Alemania
93%
1990 Alemania
93%
1978 Argentina
93%
1986 Argentina
93%
1958 Brasil
93%
1994 Brasil
93%
2002 Brasil
93%
1974 Alemania
92%
1962 Brasil
92%
1998 Francia
92%
1982 Italia
92%
1950 Uruguay
92%
1970 Brasil
90%
1938 Italia
88%
1966 Inglaterra
85%
No se encontraron pruebas coincidentes
Distribución de puntuación
Porcentaje de gente con cada puntuación
Porcentaje por número respondido
Historial de tus puntuaciones
No has intentado esta prueba.